000 00879nam a2200313Ia 4500
003 OSt
005 20221006144338.0
006 a|||||r|||| 00| 0
007 ta
008 221006b |||||||| |||| 00| 0 eng d
020 _c
_7.00
024 _a11,469
037 _cTextual
040 _aEASL
_cEASL
_beng
041 _2eng
_aeng
082 _aU8.41.M9, L4
100 _aTHOMSON John
_9651713
245 0 _aThrough China
_b With a camera
260 _aSan
_bFrancisco Chinese Materials Center
_c1975
300 _a284p.
_ccm.
490 _v CEL
650 _a CEL
650 _a China - Canton and Kwang Tung
_9651714
650 _a China - Foochow and The River Min
_9651715
650 _a China - Formosa
_9651716
650 _aChina - Presents and Past
_9651717
942 _hU8.41.M9, L4
_cTEXL
_2CC
999 _c1079555
_d1079555